000 00328nam a2200145Ia 4500
003 OSt
008 191201s2011 xx 000 0 und d
100 _aBOVEE, Courtland L
245 0 _aBusiness Communication Today
250 _a1st IMP
260 _aN.Delhi
_bTMH
_c1989
300 _a680+16
650 _aMBA
942 _2ddc
_cBK
999 _c5323
_d5323